Southville International School and Colleges
Your cart is empty.
  • Cart
  • Lists
    Public lists Eva Luna New books Lux_list list_1
    Your lists Log in to create your own lists
  • Log in to your account
  • Your cookies
  • Search history
Southville International School and Colleges
  • Advanced search
  • Recent comments
  • Most popular
  • Libraries

Log in to your account

Log in with GOOGLE


If you do not have an external account, but do have a local account, you can still log in:

  1. Home
  2. MARC view: Sugat ng alaala /
Normal view MARC view ISBD view

Sugat ng alaala / (Record no. 1443)

[ view plain ]
MARC details
000 -LEADER
fixed length control field 00489nam a22001817a 4500
003 - CONTROL NUMBER IDENTIFIER
control field OSt
005 - DATE AND TIME OF LATEST TRANSACTION
control field 20140310181708.0
008 - FIXED-LENGTH DATA ELEMENTS--GENERAL INFORMATION
fixed length control field 121205t xxu||||| |||| 00| 0 eng d
020 ## - INTERNATIONAL STANDARD BOOK NUMBER
International Standard Book Number 9715501796
050 ## - LIBRARY OF CONGRESS CALL NUMBER
Classification number PL 6058.4
Item number .F819 1999
082 ## - DEWEY DECIMAL CLASSIFICATION NUMBER
Classification number FIL 899.2113
Item number F84 1999
245 ## - TITLE STATEMENT
Title Sugat ng alaala /
Statement of responsibility, etc Lazaro Francisco.
260 ## - PUBLICATION, DISTRIBUTION, ETC. (IMPRINT)
Place of publication, distribution, etc Quezon City , Pjilippines:
Name of publisher, distributor, etc Ateneo de Manila University Press,
Date of publication, distribution, etc 1999
300 ## - PHYSICAL DESCRIPTION
Extent 370 p. :
Dimensions 18 cm
562 ## - COPY AND VERSION IDENTIFICATION NOTE
Number of copies 1
942 ## - ADDED ENTRY ELEMENTS (KOHA)
Source of classification or shelving scheme Library of Congress Classification
Koha item type Books
Holdings
Withdrawn status Lost status Source of classification or shelving scheme Damaged status Home library Current library Shelving location Date acquired Total Checkouts Full call number Barcode Date last seen Copy number Price effective from Koha item type
    Library of Congress Classification   Luxembourg Library Luxembourg Library Filipiniana Section 12/05/2012   PL 6058.4 .F819 1995 13745 08/13/2013 1 10/03/2013 Books

Sugat ng alaala /

APA

(1999). Sugat ng alaala. Quezon City , Pjilippines: Ateneo de Manila University Press.

Chicago

1999. Sugat ng alaala. Quezon City , Pjilippines: Ateneo de Manila University Press.

Harvard

(1999). Sugat ng alaala. Quezon City , Pjilippines: Ateneo de Manila University Press.

MLA

Sugat ng alaala. Quezon City , Pjilippines: Ateneo de Manila University Press. 1999.

  • Place hold
  • Print
  • Cite
  • Add to your cart (remove)
  • Save record
    BIBTEX Dublin Core MARCXML MARC (non-Unicode/MARC-8) MARC (Unicode/UTF-8) MARC (Unicode/UTF-8, Standard) MODS (XML) RIS
  • More searches
    Search for this title in:
    Other Libraries (WorldCat) Other Databases (Google Scholar) Online Stores (Bookfinder.com) Open Library (openlibrary.org)

Exporting to Dublin Core...

SOUTHVILLE LIBRARY

Southville International School and Colleges Library

1281 Tropical Ave. Cor. Luxembourg St., BF Homes International, Las Pinas City

Tel. No. 8256374 / 252358 Loc. 117/146

Powered by Koha